Sports Quiz

Random Sports or NHL Quiz

NHL Buffalo Sabres Top 3 Scorers Per Year Quiz Stats

 Plays Quiz not verified by Sporcle

Score 0/147 Timer 06:00
0 Plays Today
Year Player % Correct
2018-19Jack Eichel
95%
2017-18Jack Eichel
95%
2016-17Jack Eichel
95%
2015-16Jack Eichel
95%
2011-12Jason Pominville
87.5%
2010-11Jason Pominville
87.5%
2009-10Jason Pominville
87.5%
2008-09Jason Pominville
87.5%
2007-08Jason Pominville
87.5%
1984-85Gilbert Perreault
87.5%
1983-84Gilbert Perreault
87.5%
1982-83Gilbert Perreault
87.5%
1981-82Gilbert Perreault
87.5%
1979-80Gilbert Perreault
87.5%
1978-79Gilbert Perreault
87.5%
1977-78Gilbert Perreault
87.5%
1976-77Gilbert Perreault
87.5%
1975-76Gilbert Perreault
87.5%
1974-75Gilbert Perreault
87.5%
1972-73Gilbert Perreault
87.5%
1971-72Gilbert Perreault
87.5%
1970-71Gilbert Perreault
87.5%
2012-13Thomas Vanek
83.8%
2011-12Thomas Vanek
83.8%
2010-11Thomas Vanek
83.8%
2008-09Thomas Vanek
83.8%
2007-08Thomas Vanek
83.8%
2006-07Thomas Vanek
83.8%
1995-96Pat LaFontaine
83.8%
1994-95Pat LaFontaine
83.8%
1992-93Pat LaFontaine
83.8%
1991-92Pat LaFontaine
83.8%
2009-10Derek Roy
82.5%
2008-09Derek Roy
82.5%
2007-08Derek Roy
82.5%
2006-07Daniel Briere
81.3%
2003-04Daniel Briere
81.3%
1994-95Alexander Mogilny
81.3%
1993-94Alexander Mogilny
81.3%
1992-93Alexander Mogilny
81.3%
2003-04Miroslav Satan
77.5%
2002-03Miroslav Satan
77.5%
2001-02Miroslav Satan
77.5%
2000-01Miroslav Satan
77.5%
1999-00Miroslav Satan
77.5%
1998-99Miroslav Satan
77.5%
1997-98Miroslav Satan
77.5%
1989-90Phil Housley
76.3%
1988-89Phil Housley
76.3%
Year Player % Correct
1987-88Phil Housley
76.3%
1986-87Phil Housley
76.3%
1984-85Phil Housley
76.3%
1983-84Phil Housley
76.3%
1982-83Phil Housley
76.3%
2018-19Sam Reinhart
75%
2017-18Sam Reinhart
75%
2016-17Sam Reinhart
75%
2015-16Sam Reinhart
75%
1991-92Dave Andreychuk
73.8%
1990-91Dave Andreychuk
73.8%
1989-90Dave Andreychuk
73.8%
1987-88Dave Andreychuk
73.8%
1986-87Dave Andreychuk
73.8%
1985-86Dave Andreychuk
73.8%
1984-85Dave Andreychuk
73.8%
1983-84Dave Andreychuk
73.8%
1979-80Rick Martin
73.8%
1975-76Rick Martin
73.8%
1974-75Rick Martin
73.8%
1973-74Rick Martin
73.8%
1972-73Rick Martin
73.8%
1971-72Rick Martin
73.8%
2017-18Ryan O'Reilly
68.8%
2016-17Ryan O'Reilly
68.8%
2015-16Ryan O'Reilly
68.8%
1978-79René Robert
68.8%
1977-78René Robert
68.8%
1976-77René Robert
68.8%
1975-76René Robert
68.8%
1974-75René Robert
68.8%
1973-74René Robert
68.8%
1972-73René Robert
68.8%
2018-19Jeff Skinner
67.5%
2006-07Chris Drury
65%
2005-06Chris Drury
65%
2003-04Chris Drury
65%
1993-94Dale Hawerchuk
62.5%
1992-93Dale Hawerchuk
62.5%
1991-92Dale Hawerchuk
62.5%
1990-91Dale Hawerchuk
62.5%
1998-99Michael Peca
61.3%
2005-06Maxim Afinogenov
60%
1990-91Pierre Turgeon
60%
1989-90Pierre Turgeon
60%
1988-89Pierre Turgeon
60%
2014-15Tyler Ennis
58.8%
2013-14Tyler Ennis
58.8%
2012-13Tyler Ennis
58.8%
Year Player % Correct
1980-81Danny Gare
57.5%
1979-80Danny Gare
57.5%
1978-79Danny Gare
57.5%
1977-78Danny Gare
57.5%
2009-10Tim Connolly
51.3%
2001-02Tim Connolly
51.3%
2014-15Matt Moulson
47.5%
2013-14Drew Stafford
47.5%
2011-12Drew Stafford
47.5%
2010-11Drew Stafford
47.5%
1985-86Mike Foligno
45%
2013-14Cody Hodgson
40%
2012-13Cody Hodgson
40%
2014-15Brian Gionta
38.8%
1997-98Donald Audette
38.8%
1996-97Donald Audette
38.8%
1994-95Donald Audette
38.8%
1993-94Donald Audette
38.8%
1997-98Alexei Zhitnik
37.5%
2005-06Ales Kotalik
32.5%
2002-03Ales Kotalik
32.5%
1999-00Curtis Brown
31.3%
1976-77Don Luce
27.5%
1973-74Don Luce
27.5%
2003-04J.P. Dumont
26.3%
2002-03J.P. Dumont
26.3%
2000-01J.P. Dumont
26.3%
1996-97Derek Plante
26.3%
1995-96Derek Plante
26.3%
2001-02Stu Barnes
25%
2000-01Stu Barnes
25%
1999-00Stu Barnes
25%
1988-89Christian Ruuttu
18.8%
1987-88Christian Ruuttu
18.8%
1986-87Christian Ruuttu
18.8%
2002-03Chris Gratton
17.5%
1996-97Brian Holzinger
17.5%
1998-99Michal Grosek
15%
1982-83Tony McKegney
15%
1980-81Andre Savard
15%
1980-81Tony McKegney
15%
1995-96Randy Burridge
11.3%
1985-86John Tucker
10%
1981-82John Van Boxmeer
10%
1980-81John Van Boxmeer
10%
1981-82Yvon Lambert
7.5%
1970-71Phil Goyette
7.5%
1971-72Gerry Meehan
6.3%
1970-71Gerry Meehan
6.3%

You're not logged in!

Compare scores with friends on all Sporcle quizzes.
OR
Log In

Show Comments

Extras

Top Quizzes Today


Score Distribution

Your Account Isn't Verified!

In order to create a playlist on Sporcle, you need to verify the email address you used during registration. Go to your Sporcle Settings to finish the process.

Report this User

Report this user for behavior that violates our Community Guidelines.

Details: